000 00769pam a2200265 a 4500
999 _c9648
_d9648
001 9648
003 BD-JhCC
005 20220614134022.0
008 881013s1989 nyua 001 0 eng
020 _a0827326858
020 _z0827326866 (Instructor's guide)
035 _a(BD-JhCC)9648
040 _aDLC
_cDLC
_dDLC
_dBD-JhCC
041 _aeng
050 0 0 _aT11
_b.P44 1989
082 0 0 _a808/.066
_219
_bPHI 1989
100 1 _aPhilbin, Alice.
245 1 0 _aTechnical writing :
_bmethod, application, and management /
_cAlice I. Philbin, John W. Presley.
260 _aAlbany, N.Y. :
_bDelmar,
_cc1989.
300 _aix, 547 p. :
_bill. ;
_c24 cm.
500 _aIncludes index.
650 0 _aTechnical writing.
700 1 _aPresley, John W.
942 _2ddc
_cBK
_01